Reducir el papeleo. Estrategias nacionales para la simplificación administrativa

Zapisane w:
Opis bibliograficzny
organizacja autorów: INAP (Autor), Instituto Nacional de Administración Pública (Autor), OCDE (Autor)
Format: Książka
Język:hiszpański
Wydane: Madrid INAP 2008
Wydanie:1a. ed
Seria:Estudios y Documentos
Hasła przedmiotowe:
Etykiety: Dodaj etykietę
Nie ma etykietki, Dołącz pierwszą etykiete!

MARC

LEADER 00000nam a2200000 a 4500
001 UCG2318
003 CL-VaPUC
008 100708e20080000SP |||||||||||||||||spa|d
020 |a 9788473512817 
082 0 4 |a 352.38  |b INA  |2 21 
110 2 |a INAP  |e author  |9 550774 
710 2 |a Instituto Nacional de Administración Pública  |e author  |9 550775 
710 2 |a OCDE  |e author  |9 550776 
245 1 0 |a Reducir el papeleo. Estrategias nacionales para la simplificación administrativa 
250 |a 1a. ed 
300 |a 117 p 
942 |c BK 
945 |d 20100708 00:00:00  |a cmena 
260 |a Madrid  |b INAP  |c 2008 
650 0 |a Administración pública   |9 255343 
650 7 |a MODERNIZACION  |2 CL-VaPUC  |9 335311 
650 7 |a DOCUMENTOS ADMINISTRATIVOS  |2 CL-VaPUC  |9 550777 
650 0 |a Gestión de la información   |9 362327 
650 0 |a Normalización  |9 262666 
650 0 |a Globalización  |9 361930 
583 |a last modification  |c 20100708 00:00:00  |k Rodrigo Vera 
490 0 |a Estudios y Documentos 
999 |c 341534  |d 341532 
952 |0 0  |1 0  |4 0  |6 352_380000000000000_INA_2008  |7 0  |8 C  |9 437122  |a BIBCUR  |b BIBCUR  |d 2019-11-22  |i 467376K  |o 352.38 INA 2008  |p 467376K  |r 2025-04-22  |w 2019-11-22  |y BK  |k IDI